Les clubs avec les effectifs actuels achetés les plus chers - Statistiques

Statistiques générales
  • Ce quiz a été pris 373 fois
  • Le résultat moyen est 17 sur 20
Statistiques - réponses
Top Pays Valeur Club % Correct
1 Angleterre 996 790 000€ Chelsea
99%
2 Angleterre 967 900 000€ Manchester CIty
99%
3 Angleterre 876 280 000€ Manchester United
99%
6 Espagne 638 900 000€ Real Madrid
99%
4 Angleterre 709 050 000€ Liverpool
98%
5 France 698 900 000€ Paris Saint Germain
98%
7 Angleterre 531 560 000€ Arsenal
96%
8 Espagne 482 500 000€ Barcelone
96%
11 Italie 444 750 000€ Juventus
96%
10 Allemagne 448 500 000€ Bayern Munich
94%
20 Italie 312 540 000€ Inter Milan
88%
12 Angleterre 390 350 000€ Tottenham
88%
15 Espagne 356 000 000€ Atlético Madrid
87%
17 Italie 343 800 000€ Naples
84%
19 Allemagne 327 700 000€ Borussia Dortmund
78%
13 Angleterre 379 750 000€ West Ham
74%
18 Angleterre 341 630 000€ Aston Villa
70%
9 Angleterre 458 950 000€ Newcastle United
67%
14 Angleterre 362 140 000€ Leicester
59%
16 Angleterre 353 900 000€ Wolverhampton
37%
Aucun quiz correspondant
Distribution des résultats
% des personnes avec chaque résultat
Percentile par nombre de réponses
Votre historique - résultats
Vous n’avez pas pris ce quiz